Patrologia orientalis. (Record no. 184073)

MARC details
000 -LEADER
campo de control de longitud fija 01876nam a2200277 i 4500
001 - NÚMERO DE CONTROL
campo de control 184073
003 - IDENTIFICADOR DE NÚMERO DE CONTROL
campo de control ES-MaACL
005 - FECHA Y HORA DE LA ÚLTIMA TRANSACCIÓN
campo de control 20251114151652.0
008 - DATOS DE LONGITUD FIJA--INFORMACIÓN GENERAL
campo de control de longitud fija 150304m19251926fr |||| | fre d
245 00 - MENCIÓN DEL TÍTULO
Título Patrologia orientalis.
Número de parte o sección de la obra Tomus decimus nonus /
Mención de responsabilidad, etc. [édité par] R. Graffin et F. Nau.
260 ## - PUBLICACIÓN, DISTRIBUCIÓN, ETC.
Lugar de publicación, distribución, etc. Paris :
Nombre del editor, distribuidor, etc. Firmin-Didot et cie, éditeurs,
Fecha de publicación, distribución, etc. 1925-1926.
300 ## - DESCRIPCIÓN FÍSICA
Extensión 741 p. ;
Dimensiones 28 cm.
505 8# - NOTA DE CONTENIDO CON FORMATO
Nota de contenido con formato Contiene: Le synaxaire arménien de Ter Israël. VI, Mois de Aratz / publié et traduit par le Dr. G. Bayan. - 1925 ; Fasc. 1 John of Ephesus : lives of the eastern Saints. III / syriac text edited and translated by E. W. Brooks. - 1925 ; Fasc. 2 Homélies mariales byzantines. II, VIII. Théodote d'Ancyre. - IX. Chrysippe, prêtre de Jérusalem. - X. S. Jean, Archevêque de Thessalonique. - XI. S. Euthyme, Patriarche de Constantinople. - XII. Nicolas Cabasilas. - XIII. Georges Scholarios / textes grecs édités et traduits en latin par Martin Jugie,.... - 1925 ; Fasc. 3 Logia et Agrapha Domini Jesu apud moslemicos scriptores, asceticos praesertim, usitata. Fasciculus II / collegit, vertit, notis instruxit Michaël Asin et Palacios. - 1926 ; Fasc. 4 Le synaxaire géorgien : rédaction ancienne de l'Union arméno-géorgienne / publié et traduit d'après le manuscrit du couvent Iviron du Mont Athos par N. Marr. - 1926
650 ## - PUNTO DE ACCESO ADICIONAL DE MATERIA--TÉRMINO DE MATERIA
Término de materia o nombre geográfico como elemento de entrada Patrística.
9 (RLIN) 15895
650 07 - PUNTO DE ACCESO ADICIONAL DE MATERIA--TÉRMINO DE MATERIA
Término de materia o nombre geográfico como elemento de entrada Literatura cristiana primitiva
Fuente del encabezamiento o término embne
9 (RLIN) 14529
700 1# - ENTRADA AGREGADA--NOMBRE PERSONAL
Nombre de persona Ter Israël.
9 (RLIN) 156173
700 1# - ENTRADA AGREGADA--NOMBRE PERSONAL
Nombre de persona Bayan, George.
9 (RLIN) 156174
700 1# - ENTRADA AGREGADA--NOMBRE PERSONAL
Nombre de persona Brooks, Ernest Walter,
Fechas asociadas al nombre 1863-1955
9 (RLIN) 156178
700 1# - ENTRADA AGREGADA--NOMBRE PERSONAL
Nombre de persona Jugie, Martin,
Fechas asociadas al nombre 1878-1954
9 (RLIN) 156469
700 0# - ENTRADA AGREGADA--NOMBRE PERSONAL
Nombre de persona Asín Palacios, Miguel.
9 (RLIN) 23614
700 1# - ENTRADA AGREGADA--NOMBRE PERSONAL
Nombre de persona Marr, Nikolaï Iakovlevich.
9 (RLIN) 156472
700 1# - ENTRADA AGREGADA--NOMBRE PERSONAL
Nombre de persona Graffin, René,
Fechas asociadas al nombre 1858-1941
9 (RLIN) 156163
700 1# - ENTRADA AGREGADA--NOMBRE PERSONAL
Nombre de persona Nau, François.
9 (RLIN) 85006
852 ## - LOCALIZACIÓN
Ubicación ES-MaACL
Número de control de estantería G-708
Holdings
Estatus retirado Estado de pérdida Estado de daño No para préstamo Biblioteca de origen Biblioteca actual Ubicación en estantería Fecha de adquisición Fuente de adquisición Total de préstamos Signatura topográfica completa Código de barras Visto por última vez Precio de reemplazo Tipo de ítem Koha
        Biblioteca del Ateneo de Madrid Biblioteca del Ateneo de Madrid Depósito 2 04/03/2015     G-708 1193562 23/02/2023 23/02/2023 Libro impreso